Safalcharvahom Ki Mardarshika/ (Record no. 11106)
[ view plain ]
| 000 -LEADER | |
|---|---|
| fixed length control field | 00420nam a22001697a 4500 |
| 003 - CONTROL NUMBER IDENTIFIER | |
| control field | OSt |
| 005 - DATE AND TIME OF LATEST TRANSACTION | |
| control field | 20230602151445.0 |
| 008 - FIXED-LENGTH DATA ELEMENTS--GENERAL INFORMATION | |
| fixed length control field | 230602b |||||||| |||| 00| 0 eng d |
| 040 ## - CATALOGING SOURCE | |
| Transcribing agency | DLC |
| 050 ## - LIBRARY OF CONGRESS CALL NUMBER | |
| Item number | OO59S |
| 082 ## - DEWEY DECIMAL CLASSIFICATION NUMBER | |
| Item number | OO59S |
| 100 ## - MAIN ENTRY--PERSONAL NAME | |
| Personal name | Oommen, Cherian |
| 245 ## - TITLE STATEMENT | |
| Title | Safalcharvahom Ki Mardarshika/ |
| Statement of responsibility, etc. | by Cherian Oommen. |
| 260 ## - PUBLICATION, DISTRIBUTION, ETC. | |
| Place of publication, distribution, etc. | Rajasthan, India: |
| Name of publisher, distributor, etc. | Open Door Pub., |
| Date of publication, distribution, etc. | 2022. |
| 300 ## - PHYSICAL DESCRIPTION | |
| Extent | 196p. |
| 942 ## - ADDED ENTRY ELEMENTS (KOHA) | |
| Source of classification or shelving scheme | Dewey Decimal Classification |
| Koha item type | Books |
| Withdrawn status | Lost status | Source of classification or shelving scheme | Damaged status | Not for loan | Collection code | Home library | Current library | Shelving location | Date acquired | Full call number | Barcode | Date last seen | Price effective from | Koha item type |
|---|---|---|---|---|---|---|---|---|---|---|---|---|---|---|
| Dewey Decimal Classification | Non-fiction | Harvest Mission College | Harvest Mission College | General Stacks | 02.06.2023 | 494 OO59S | 013000 | 02.06.2023 | 02.06.2023 | Books | ||||
| Dewey Decimal Classification | Non-fiction | Harvest Mission College | Harvest Mission College | General Stacks | 02.06.2023 | 494 OO59S | 013002 | 02.06.2023 | 02.06.2023 | Books | ||||
| Dewey Decimal Classification | Non-fiction | Harvest Mission College | Harvest Mission College | General Stacks | 02.06.2023 | 494 OO59S | 013003 | 02.06.2023 | 02.06.2023 | Books | ||||
| Dewey Decimal Classification | Non-fiction | Harvest Mission College | Harvest Mission College | General Stacks | 02.06.2023 | 494 OO59S | 013004 | 02.06.2023 | 02.06.2023 | Books | ||||
| Dewey Decimal Classification | Non-fiction | Harvest Mission College | Harvest Mission College | General Stacks | 02.06.2023 | 494 OO59S | 013005 | 02.06.2023 | 02.06.2023 | Books | ||||
| Dewey Decimal Classification | Non-fiction | Harvest Mission College | Harvest Mission College | General Stacks | 02.06.2023 | 494 OO59S | 013006 | 02.06.2023 | 02.06.2023 | Books | ||||
| Dewey Decimal Classification | Non-fiction | Harvest Mission College | Harvest Mission College | General Stacks | 02.06.2023 | 494 OO59S | 013007 | 02.06.2023 | 02.06.2023 | Books | ||||
| Dewey Decimal Classification | Non-fiction | Harvest Mission College | Harvest Mission College | General Stacks | 02.06.2023 | 494 OO59S | 013008 | 02.06.2023 | 02.06.2023 | Books | ||||
| Dewey Decimal Classification | Non-fiction | Harvest Mission College | Harvest Mission College | General Stacks | 02.06.2023 | 494 OO59S | 013009 | 02.06.2023 | 02.06.2023 | Books |
